000 00669nam a2200217Ia 4500
005 20220722154432.0
008 210716s2018 xx 000 0 und d
020 _a9789332551848
040 _cAIMIT LIBRARY
041 _aeng
082 _a005.1372
_21
_bLIAY
100 _aLiang, Y Daniel.
_952846
245 _aIntroduction to programming using python /
_cBy Y Daniel Liang
250 _a1st ed.
260 _aNew Delhi :
_bPearson Education ;
_c2018.
300 _axvii, 557p. ;
_c23 cm.
650 _aElementary programming
_952847
650 _aMore on strings and special methods
_952848
650 _aLIsts
_952849
942 _2ddc
_cBK
_e1st
_k005.1372 LIAY
999 _c196397
_d196397